000 01240cam a22003617a 4500
003 CHAP
005 20220329141233.0
008 971010s1979 r 00010 d
010 _a64914
011 _a65886
035 _a73416
040 _cCHAP
082 0 4 _a150.18
_bF4Y
100 0 0 _aFestinger, Leon.
_940661
245 1 4 _aLos métodos de investigación en las ciencias sociales
260 _aBuenos Aires :
_bPaidós,
_c1979
300 _a590 p
490 0 _aBiblioteca de psicología social y sociología
590 _aBATCH-UPD
_b10
_c20130110
_lUCH01
_h0434
590 _aBATCH-UPD
_b10
_c20130410
_lUCH01
_h0109
590 _aBATCH-UPD
_b10
_c20130410
_lUCH01
_h1633
590 _aBATCH-UPD
_b10
_c20130914
_lUCH01
_h0619
590 _aBATCH-UPD
_b10
_c20130914
_lUCH01
_h2144
590 _aCONVERSION
_b10
_c20130109
_lUCH01
_h1335
650 4 _aCiencias sociales.
_923213
650 4 _aPsicología social
_xMetodología.
_992617
700 0 _aKatz, Daniel.
_962802
830 0 _aBiblioteca de psicología social y sociología
_912343
901 _aBK
942 _cLIBRO
949 _a150.18 F4Y
_bBC
_cLIBRO
_d33724000939658
_eLIBRO
_fc.2
_h49900
_i73416
_si
949 _a150.18 F4Y
_bBC
_cLIBRO
_d33724002206561
_eLIBRO
_h49899
_i73416
_si
999 _c64914
_d64914